000 00895nam a2200265 i 4500
003 DO-SdBNP
005 20230613144212.0
007 ta
008 230613b2022 dr ||||| |||| 00| 0 spa d
020 _a9789945907919
040 _aDO-SdBNP
_bspa
_cBNPHU
_erda
082 4 _222
100 _967748
_aCarmona Vázquez, Antonio,
_eautor
245 1 4 _aLos muchachos del limoncillo :
_blos niños no tienen historia, ellos la harán /
_cAntonio Vazquez C.
264 1 _aSanto Domingo :
_bAmiama Graphics,
_c2022.
300 _a261 páginas ;
_c21 cm.
336 _2rdacontent
_atexto
_btxt
337 _2rdamedia
_asin mediación
_bn
338 _2rdacarrier
_avolumen
_bnc
500 _aIncluye datos biográficos del autor en la contracubierta
590 _aInventariado, 2023/BT
590 _aLa biblioteca posee 1 ejemplar autográfiado por el autor
910 _aBtavárez
942 _2ddc
_cLBS1
999 _c53803
_d53803